Donde caucho se quema /

Guardado en:
Autor Principal: Lo Coco, Mauro
Otros Autores: Rubio, Alejandro
Formato: Libro
Publicado: La Plata : Club Hem, 2017
Series:Ojo de tormenta ; 14
Materias:
Etiquetas: Agregar Etiqueta
Sin Etiquetas, Sea el primero en etiquetar este registro!
LEADER 00633nam a22002055a 4500
001 EHU.bham045404
003 AR-BHAM
005 20181017110310.0
008 130507s2017##################000#0#####d
020 |a 9789873746246 
082 A 8 |a 861.5 
100 1 |a Lo Coco, Mauro 
245 1 0 |a Donde caucho se quema /  |c  Mauro Lo Loco -- El Poema No Es El Tema / 
260 |a La Plata :  |b Club Hem,  |c 2017 
300 |a 53 p. ; 41 p. 
490 0 |a Ojo de tormenta ; 14 
653 |a Literatura argentina-2000- 
653 |a Poesía argentina-2000 
700 1 |a Rubio, Alejandro 
859 |a AR-BHAM  |b BIB. HUMANIDADES - General  |h A861.5  |i L789  |k A  |p 241.18  |t Ej.1